Score 0/20 Timer 04:00
22 Plays Today
% Correct
The Biggest Loser
94.8%
The Office (US)
94.2%
America's Got Talent
93.9%
Deal or No Deal
93.5%
My Name Is Earl
93%
Fear Factor
92.9%
Parks and Recreation
91.1%
30 Rock
90.1%
Law & Order: Criminal Intent
89.2%
Last Call with Carson Daly
87.9%
% Correct
Friday Night Lights
87.9%
Heroes
85.2%
Las Vegas
84.9%
Chuck
83.3%
Lipstick Jungle
80.6%
Community
80%
Medium
79.9%
Last Comic Standing
74.9%
Scrubs
71.8%
Crossing Jordan
71%
Remove Ads.
Support Sporcle.
Get the best of Sporcle when you Go Orange. This ad-free experience offers more features, more stats, and more fun while also helping to support Sporcle. Thank you for becoming a member.

You're not logged in!

Compare scores with friends on all Sporcle quizzes.
OR
Log In

Show Comments

Extras

Top Quizzes Today


Score Distribution

Your Account Isn't Verified!

In order to create a playlist on Sporcle, you need to verify the email address you used during registration. Go to your Sporcle Settings to finish the process.

Report this User

Report this user for behavior that violates our Community Guidelines.

Details: